000 00643nam a2200229 i 4500
001 190681
003 ES-MaACL
005 20250730063202.0
008 220509s2022 sp 001 p spa d
020 _a978-84-321-6104-9
080 _a821.134.2-14"20"
100 1 _aMoyano, Félix,
_d1993
_9174424
245 1 3 _aLa deuda prometida /
_cFélix Moyano.
250 _a1ª ed.
260 _aMadrid :
_bRialp,
_c2022.
300 _a58 p. ;
_c17 cm.
490 1 _aAdonáis ;
_v686
586 _aAccésit del Premio Adonáis 2021
830 1 0 _aAdonáis
_v686
_9173743
852 4 _aES-MaACL
_jJ-23 (686)
999 _c190681
_d190681